000 00528nam a2200181 i 4500
001 38116
003 ES-MaACL
005 20250725062531.0
007 t|
008 030224s1941 sp ||||1| spa d
100 1 _aCabrera y Felipe, Juan.
_933321
245 1 0 _aIntroducción a la física teórica /
_cpor Juan Cabrera y Felipe.
260 _aZaragoza :
_b[s.n.,
_c1941] (
_fEl Noticiero)
300 _a685 p. ;
_c25 cm.
650 0 7 _aFísica
_2embne
_912877
852 _aES-MaACL
_jB-9521
_bR.19266
999 _c38116
_d38116